| 000 | 02404nam0a2200349 i 4500 | ||
|---|---|---|---|
| 001 | RU\NLR\BIBL_A\010407595 | ||
| 005 | 20260408114615.0 | ||
| 010 |
_a9785000191231 _9100 |
||
| 021 |
_aRU _b2014-32522 _91987 |
||
| 035 | _a(NILC)RuMoRGB-007211869 | ||
| 035 | _a(NLR Aleph) 010407595 | ||
| 090 |
_a9736492 _c9736492 |
||
| 100 | _a20140620d2013 km y0rusy50 ca | ||
| 101 | 0 | _arus | |
| 102 | _aRU | ||
| 105 | _aa|||z||||01yy | ||
| 200 | 1 |
_aИнновационные формы и технологии в комплексном сопровождении детей с отклонениями в развитии _eматериалы Всероссийской научно-практической конференции с международным участием студентов, аспирантов и молодых ученых, Казань, 13-15 ноября 2013 г. _f[науч. ред.: к. психол. н., доц. А. И. Ахметзянова] |
|
| 210 |
_aКазань _cКазанский университет _d2013 |
||
| 215 |
_a214 с. _cил. _d21 |
||
| 300 | _aВ надзаг.: М-во образования и науки Рос. Федерации, Федер. гос. автоном. образоват. учреждение высш. проф. образования "Казан. (Приволж.) федер. ун-т", Ин-т психологии и образования, Каф. спец. психологии и коррекц. педагогики | ||
| 320 | _aБиблиогр. в конце ст. | ||
| 606 | 1 |
_aСпециальные (коррекционные) образовательные учреждения _xУчебно-воспитательная работа _92605731 _3RU\NLR\AUTH\661542289 |
|
| 686 | 1 | _aЧ430.13я431 | |
| 686 | 1 | _aЧ430.122.1я431 | |
| 702 | 1 |
_aАхметзянова _bА. И. _gАнна Ивановна _4340 |
|
| 712 | 0 | 2 |
_4570 _aКазанский (Приволжский) федеральный университет _bИнститут психологии и образования _bКафедра специальной психологии и коррекционной педагогики _9411951 _3RU\NLR\AUTH\880372696 |
| 801 | 0 |
_aRU _bРГБ _c20140429 _gRCR |
|
| 942 | _cBOOK | ||
| 980 | _aNBR | ||